UBT Library

DESIGNING YOUR FUTURE (Record no. 59260)

000 -LEADER
fixed length control field 00317nam a22001457a 4500
008 - FIXED-LENGTH DATA ELEMENTS--GENERAL INFORMATION
fixed length control field 230124b ||||| |||| 00| 0 eng d
020 ## - INTERNATIONAL STANDARD BOOK NUMBER
International Standard Book Number 9780131552807
041 ## - LANGUAGE CODE
Language code of text/sound track or separate title eng
080 ## - UNIVERSAL DECIMAL CLASSIFICATION NUMBER
Universal Decimal Classification number 72
082 ## - DEWEY DECIMAL CLASSIFICATION NUMBER
Classification number 72BEA
100 ## - Rafti
Rafti 19.1
101 ## - Shkurtesa
Shkurtesa ARKIT
245 ## - TITLE STATEMENT
Title DESIGNING YOUR FUTURE
Statement of responsibility, etc BEACHAM V C
942 ## - ADDED ENTRY ELEMENTS (KOHA)
Source of classification or shelving scheme
Item type Books
Holdings
Withdrawn status Lost status Source of classification or shelving scheme Damaged status Not for loan Collection code Permanent location Current location Date acquired Total Checkouts Full call number Barcode Date last seen Price effective from Koha item type
          Koleksioni i përgjithshem UBT - Lipjan UBT - Lipjan 01/24/2023   72BEA 003-39 01/24/2023 01/24/2023 Books
          Koleksioni i përgjithshem UBT - Lipjan UBT - Lipjan 01/24/2023   72BEA 003-40 01/24/2023 01/24/2023 Books
          Koleksioni i përgjithshem UBT - Lipjan UBT - Lipjan 04/14/2023   72BEA 002-80005058 04/14/2023 04/14/2023 Books
          Koleksioni i përgjithshem UBT - Lipjan UBT - Lipjan 05/08/2023   72BEA 002-800080131 05/08/2023 05/08/2023 Books
UBT Library © 2015-2024. All rights reserved University Education for Business and Technology